| 000 | 00816nam a2200253Ia 4500 | ||
|---|---|---|---|
| 003 | OSt | ||
| 005 | 20220926005813.0 | ||
| 006 | a|||||r|||| 00| 0 | ||
| 007 | ta | ||
| 008 | 220923b |||||||| |||| 00| 0 eng d | ||
| 020 |
_a9788171948918 _c548.25 |
||
| 037 |
_b5417, 05/03/2014, Indraprastha Books _cGeneral Book |
||
| 040 |
_aRTL _cRTL _beng |
||
| 041 |
_2eng _aeng |
||
| 082 | _aX:8F, Q1 | ||
| 100 |
_aKISHORE Ravi M _9311071 |
||
| 245 | 0 |
_aTAXMANN'S COST and management accounting _b Text and cases |
|
| 250 | _a5th | ||
| 260 |
_a New Delhi _bTaxmann _c2011 |
||
| 300 |
_a1306p _ccm. |
||
| 500 | _aAppendices: p 353-69; Glossary: p 371-72; Bibliography: p 373-79 | ||
| 942 |
_hX:8F, Q1 _cGB _2CC |
||
| 999 |
_c615300 _d615300 |
||